000 00718nam a2200289Ia 4500
005 20260324124534.0
008 008 260324s9999 xx 000 0 eng d
020 _a9780203841884
037 _aEBOOK
040 _aCRL
040 _beng
040 _cCRL
041 _2eng
041 _aeng
084 _qCRL
100 _aSheida White
_91174547
245 0 _aUnderstanding Adult Functional Literacy
245 0 _bConnecting Text Features, Task Demands, and Respondent Skills
260 _bTaylor and Francis
260 _c2010
365 _a
365 _b255
856 _uhttp://www.taylorfrancis.com/books/9780203841884
942 _cEBOOK
999 _c1769001
_d1769001